[Event "SVK-chT2A 0708"]
[Site "Slovakia"]
[Date "2008.02.03"]
[Round "9.8"]
[White "Gono, Michal"]
[Black "Koutny, Pavel"]
[Result "1/2-1/2"]
[WhiteElo "1682"]
[BlackElo "1849"]
[PlyCount "86"]
[EventDate "2007.10.06"]
[EventType "team-tourn"]
[EventRounds "11"]
[EventCountry "SVK"]
[SourceTitle "EXT 2010"]
[Source "ChessBase"]
[SourceDate "2010.11.25"]
[SourceVersion "1"]
[SourceVersionDate "2010.11.25"]
[SourceQuality "1"]
[WhiteTeam "Piestany Kupele"]
[BlackTeam "Bratislava Slavia STU"]
[WhiteTeamCountry "SVK"]
[BlackTeamCountry "SVK"]

1. d4 Nf6 2. Nf3 e6 3. c4 c5 4. Nc3 g6 5. Bg5 Bg7 6. g3 Qa5 7. Bd2 cxd4 8. Nxd4 0-0 9. Bg2 Qc5 10. e3 Nc6 11. Nxc6 bxc6 12. b3 d5 13. Na4 Qe7 14. 0-0 Ne4 15. Rc1 Nxd2 16. Qxd2 Ba6 17. Qa5 Bc8 18. cxd5 cxd5 19. b4 Be5 20. e4 Bd6 21. exd5 Bxb4 22. Qc7 exd5 23. Qxe7 Bxe7 24. Bxd5 Ba6 25. Rfe1 Bb4 26. Re4 Rad8 27. Bxf7+ Rxf7 28. Rxb4 Rd2 29. f4 Rxa2 30. Nc3 Rd2 31. Ne4 Re2 32. Rb8+ Kg7 33. Nc5 Ra2 34. Ne6+ Kh6 35. Rb3 Re7 36. Nd4 Bb7 37. Rcb1 Bd5 38. R3b2 Rxb2 39. Rxb2 Re1+ 40. Kf2 Re4 41. Rd2 Bc4 42. Kf3 Re7 43. Nc6 Rc7 1/2-1/2

[Event "Bratislava Doprastav op"]
[Site "Bratislava"]
[Date "2006.06.30"]
[Round "8"]
[White "Koutny, Pavel"]
[Black "Ujhelyi, Matus"]
[Result "1-0"]
[WhiteElo "1830"]
[BlackElo "1562"]
[PlyCount "57"]
[EventDate "2006.06.24"]
[EventType "swiss"]
[EventRounds "9"]
[EventCountry "SVK"]
[SourceTitle "EXT 2008"]
[Source "ChessBase"]
[SourceDate "2007.11.25"]
[SourceVersion "1"]
[SourceVersionDate "2007.11.25"]
[SourceQuality "1"]

1. e4 e6 2. d4 d5 3. Nd2 Nf6 4. e5 Nfd7 5. f4 c5 6. c3 Nc6 7. Ndf3 cxd4 8. cxd4 f6 9. Bd3 Qb6 10. Ne2 Be7 11. a3 0-0 12. b4 fxe5 13. fxe5 Kh8 14. Bb1 a5 15. Qd3 g6 16. b5 Nd8 17. h4 Nf7 18. h5 Nfxe5 19. dxe5 Nc5 20. Qe3 g5 21. Ned4 h6 22. Nh4 Rf7 23. Ng6+ Kg8 24. Nxe7+ Rxe7 25. 0-0 Bd7 26. Rf6 Rf8 27. Rxh6 Bxb5 28. Rg6+ Kh8 29. Qxg5 1-0

[Event "Bratislava Doprastav op"]
[Site "Bratislava"]
[Date "2006.06.25"]
[Round "2"]
[White "Vach, Jozef"]
[Black "Koutny, Pavel"]
[Result "1-0"]
[WhiteElo "1974"]
[BlackElo "1830"]
[PlyCount "79"]
[EventDate "2006.06.24"]
[EventType "swiss"]
[EventRounds "9"]
[EventCountry "SVK"]
[SourceTitle "EXT 2008"]
[Source "ChessBase"]
[SourceDate "2007.11.25"]
[SourceVersion "1"]
[SourceVersionDate "2007.11.25"]
[SourceQuality "1"]

1. e4 d6 2. d4 Nf6 3. Nc3 g6 4. f3 Bg7 5. Be3 0-0 6. Qd2 c6 7. 0-0-0 b5 8. g4 Bb7 9. h4 Nbd7 10. h5 a5 11. hxg6 fxg6 12. Nge2 Rf7 13. Ng3 e5 14. Bg2 b4 15. Na4 d5 16. dxe5 Nxe5 17. b3 Nfd7 18. Rdf1 Qf6 19. Bd4 Nd3+ 20. Qxd3 Qxd4 21. Qxd4 Bxd4 22. Rd1 Be3+ 23. Kb1 d4 24. Nf1 Bf4 25. Rxd4 c5 26. Rd1 Rc8 27. Nb2 Ne5 28. Nd2 Bxd2 29. Rxd2 Nxf3 30. Bxf3 Rxf3 31. Rd7 Bxe4 32. Rdxh7 Rff8 33. Rh8+ Kf7 34. Rf1+ Ke7 35. Rh7+ Kd6 36. Nc4+ Kc6 37. Rhf7 Rxf7 38. Rxf7 Bd5 39. Rf6+ Kd7 40. Nb6+ 1-0

[Event "Bratislava Doprastav op"]
[Site "Bratislava"]
[Date "2006.06.24"]
[Round "1"]
[White "Koutny, Pavel"]
[Black "Povysil, Peter"]
[Result "0-1"]
[WhiteElo "1830"]
[BlackElo "2058"]
[PlyCount "82"]
[EventDate "2006.06.24"]
[EventType "swiss"]
[EventRounds "9"]
[EventCountry "SVK"]
[SourceTitle "EXT 2008"]
[Source "ChessBase"]
[SourceDate "2007.11.25"]
[SourceVersion "1"]
[SourceVersionDate "2007.11.25"]
[SourceQuality "1"]

1. d4 d5 2. c4 e6 3. Nc3 c6 4. e3 Nf6 5. Nf3 Nbd7 6. Bd3 dxc4 7. Bxc4 b5 8. Bd3 a6 9. 0-0 c5 10. Bc2 Bb7 11. Re1 Be7 12. e4 cxd4 13. Nxd4 b4 14. Nb1 Rc8 15. f3 Qc7 16. Bb3 0-0 17. Kh1 Nc5 18. Be3 Rfd8 19. Qe2 Bd6 20. g3 Nfxe4 21. fxe4 Nxe4 22. Nf3 Bxg3 23. Rg1 Qe5 24. Rg2 Qh5 25. Kg1 Nc3 26. bxc3 Bxf3 27. Qf1 Bxg2 28. Qxg2 Be5 29. Nd2 bxc3 30. Nf3 c2 31. Rc1 Bb2 32. Rxc2 Rxc2 33. Bxc2 g6 34. Qg5 Qxg5+ 35. Nxg5 Bd4 36. Kf2 Kg7 37. Nf3 Bc3 38. Kg3 f6 39. Nh4 Be1+ 40. Kg4 Rc8 41. Bb3 h5+ 0-1

[Event "Ostrava op-A"]
[Site "Ostrava"]
[Date "2003.05.03"]
[Round "1"]
[White "Firt, Stanislav"]
[Black "Koutny, Pavel"]
[Result "1-0"]
[WhiteElo "2344"]
[BlackElo "2066"]
[PlyCount "69"]
[EventDate "2003.05.03"]
[EventType "swiss"]
[EventRounds "10"]
[EventCountry "CZE"]
[SourceTitle "EXT 2006"]
[Source "ChessBase"]
[SourceDate "2005.11.24"]
[SourceVersion "1"]
[SourceVersionDate "2005.11.24"]
[SourceQuality "1"]

1. e4 c5 2. Nf3 e6 3. d4 cxd4 4. Nxd4 Nf6 5. Nc3 Nc6 6. Ndb5 d6 7. Bf4 e5 8. Bg5 a6 9. Na3 b5 10. Bxf6 gxf6 11. Nd5 f5 12. exf5 Bxf5 13. c3 Bg7 14. Nc2 0-0 15. Nce3 Be6 16. Bd3 f5 17. 0-0 Kh8 18. Bc2 Ra7 19. Qh5 Raf7 20. Rad1 Ne7 21. Nxe7 Qxe7 22. Nd5 Bxd5 23. Rxd5 Rf6 24. Qh4 Rg8 25. Bxf5 Bf8 26. Bxh7 Rxg2+ 27. Kxg2 Rg6+ 28. Bxg6+ Qxh4 29. Rd3 Bh6 30. Rg1 Kg7 31. Kh1 Bf4 32. Rh3 Qxf2 33. Be4+ Kf6 34. Rg6+ Kf7 35. Rh7+ 1-0